[Event "COL-chT Liga Quintal"]
[Site "Barranquilla"]
[Date "2019.06.16"]
[Round "7.3"]
[White "Molina Sanjuan, Sebastian Alejandro"]
[Black "Mercado Pena, Jorge Elias"]
[Result "1-0"]
[WhiteElo "1565"]
[BlackElo "1494"]
[PlyCount "35"]
[EventDate "2019.03.17"]
[EventType "team-tourn"]
[EventRounds "7"]
[EventCountry "COL"]
[SourceTitle "EXT 2024"]
[Source "ChessBase"]
[SourceDate "2023.10.10"]
[SourceVersion "1"]
[SourceVersionDate "2023.10.10"]
[SourceQuality "1"]
[WhiteTeam "Ajedrez Baranoa II"]
[BlackTeam "Club Aspros"]
[WhiteTeamCountry "COL"]
[BlackTeamCountry "COL"]

1. d4 g6 2. Nf3 Bg7 3. Bf4 d6 4. e3 Nf6 5. Be2 0-0 6. 0-0 b6 7. c4 Bb7 8. Nc3 Nbd7 9. h3 Ne4 10. Nxe4 Bxe4 11. Nd2 Nf6 12. Nxe4 Nxe4 13. Bf3 f5 14. Qc2 c5 15. Bxe4 fxe4 16. Qxe4 Qd7 17. b3 Rf7 18. Qxa8+ 1-0

[Event "COL-chT Liga Quintal"]
[Site "Barranquilla"]
[Date "2019.05.19"]
[Round "4.2"]
[White "Fernandez Maza, Juan"]
[Black "Molina Sanjuan, Sebastian Alejandro"]
[Result "0-1"]
[WhiteElo "1628"]
[BlackElo "1565"]
[PlyCount "126"]
[EventDate "2019.03.17"]
[EventType "team-tourn"]
[EventRounds "7"]
[EventCountry "COL"]
[SourceTitle "EXT 2024"]
[Source "ChessBase"]
[SourceDate "2023.10.10"]
[SourceVersion "1"]
[SourceVersionDate "2023.10.10"]
[SourceQuality "1"]
[WhiteTeam "Furia Ciega"]
[BlackTeam "Ajedrez Baranoa II"]
[WhiteTeamCountry "COL"]
[BlackTeamCountry "COL"]

1. e4 c6 2. d4 d5 3. e5 c5 4. c3 e6 5. Nf3 Nc6 6. g3 Qb6 7. Bg2 Nge7 8. dxc5 Qxc5 9. Be3 Qb5 10. Qc2 g6 11. Na3 Qa5 12. 0-0 Bg7 13. Bd4 0-0 14. Qd1 a6 15. Nc2 Bd7 16. Re1 Rac8 17. Ne3 Nxd4 18. cxd4 Rc7 19. Ng4 f5 20. exf6 Bxf6 21. Nxf6+ Rxf6 22. Ne5 Nc6 23. a3 Qb6 24. Nxc6 Bxc6 25. Qd2 Kg7 26. b4 Bd7 27. Rac1 Rxc1 28. Rxc1 Bb5 29. Qe3 Bc4 30. Qe5 Qd8 31. Bh3 Qd7 32. Re1 Kf7 33. Qg5 Qd6 34. Qh6 Kg8 35. Qg5 Kg7 36. Qe5 Qxe5 37. Rxe5 Kf7 38. Kg2 Bb5 39. f4 Ke7 40. Kf3 Bd7 41. g4 Kd6 42. Bf1 Rf8 43. Re3 Rc8 44. h4 Ba4 45. Kg3 Bc2 46. Bh3 Rc4 47. g5 Be4 48. Bg4 Rxd4 49. Kf2 Rd3 50. h5 Rxe3 51. Kxe3 b6 52. h6 a5 53. Be2 e5 54. bxa5 bxa5 55. a4 Ke6 56. Bb5 Bc2 57. fxe5 Kxe5 58. Be8 Kf5 59. Bf7 Bxa4 60. Bxd5 Kxg5 61. Kf3 Kxh6 62. Kg4 Bd1+ 63. Kh4 a4 0-1